Statistics for A-Z Cities That End in A

Click here to take the quiz!

General Stats

  • This quiz has been taken 80 times
  • The average score is 18 of 26

Answer Stats

Letter Hint City % Correct
BCapital of Colombia (6)Bogota
100%
OCapital of Canada (6)Ottawa
97%
RCapital of Latvia (4)Riga
96%
MCity in western Saudi Arabia; holiest city in Islam (5)Mecca
93%
TCapital of Albania (6)Tirana
92%
ACapital of Ethiopia (10)Addis Ababa
92%
DCapital of Bangladesh (5)Dhaka
92%
NCapital of Cyprus (7)Nicosia
90%
KCapital of the Democratic Republic of Congo (8)Kinshasa
88%
PLargest city in Pennsylvania (12)Philadelphia
88%
GCity in south-western Switzerland, headquarters of the Red Cross and various agencies of the UN (6)Geneva
88%
LCapital of the Tibet Autonomous Region of China (5)Lhasa
85%
VCapital and chief port of Malta (8)Valletta
83%
CCapital of the north-western Mexican state of the same name, sharing a name with a dog breed (9)Chihuahua
79%
JCapital of South Sudan (4)Juba
76%
WLargest city in Kansas (7)Wichita
72%
YSecond-largest city in Japan, after Tokyo (8)Yokohama
69%
ZCapital of Aragon, Spain (8)Zaragoza
68%
HCapital of the Solomon Islands (7)Honiara
64%
UCity in eastern Sweden, fourth-largest in the country (7)Uppsala
61%
FLargest city on Kyushu Island, Japan (7)Fukuoka
57%
QCapital of Balochistan Province, western Pakistan (6)Quetta
32%
ICity in southern Peru, capital of the eponymous department (3)Ica
26%
SCity in the eponymous county in California, located in the centre of Silicon Valley (10)Santa Clara
24%
XCapital of the Mexican state of Veracruz (6)Xalapa
18%
EPort city on the Atlantic coast of Morocco (8)El Jadida
7%

Score Distribution

Percentile by Number Answered

Percent of People with Each Score

Your Score History

You have not taken this quiz